LEADER 02833oas 2201213 a 450 001 9910132851903321 005 20260218110400.0 011 $a1857-8985 035 $a(DE-599)ZDB2505985-3 035 $a(OCoLC)774957784 035 $a(CONSER) 2012263260 035 $a(CKB)110978977742555 035 $a(DE-599)2505985-3 035 $a(EXLCZ)99110978977742555 100 $a19830920b19802013 uy 101 0 $amac 135 $aur||||||||||| 181 $ctxt$2rdacontent 182 $cc$2rdamedia 183 $acr$2rdacarrier 200 00$aPrilozi =$eContributions 210 $aSkopje $cMakedonska akademija na naukite i umetnostite, Oddelenie za biolos?ki i medicinski nauki 311 08$a0351-3254 517 1 $aContributions 517 1 $aPrilozi, Oddelenie za biolos?ki i medicinski nauki 517 1 $aContributions, Section of Biological and Medical Sciences 606 $aMedical sciences$vPeriodicals 606 $aBiology$vPeriodicals 606 $aMedicine 606 $aBiological Science Disciplines 606 $aBiology$2fast$3(OCoLC)fst00832383 606 $aMedical sciences$2fast$3(OCoLC)fst01014601 608 $aPeriodical. 608 $aPeriodicals.$2fast 608 $aPeriodicals.$2lcgft 615 0$aMedical sciences 615 0$aBiology 615 12$aMedicine. 615 22$aBiological Science Disciplines. 615 7$aBiology. 615 7$aMedical sciences. 712 02$aMakedonska akademija na naukite i umetnostite.$bOddelenie za biolos?ki i medicinski nauki. 801 0$bLGG 801 1$bLGG 801 2$bOCLCO 801 2$bNTE 801 2$bOCLCQ 801 2$bTXA 801 2$bOCLCF 801 2$bOCLCO 801 2$bAU@ 801 2$bOCLCO 801 2$bDLC 801 2$bCUS 801 2$bOCLCQ 801 2$bOCLCO 801 2$bOCLCQ 801 2$bVT2 801 2$bUAB 801 2$bLIP 801 2$bOCLCO 801 2$bXFH 801 2$bUX1 801 2$bCOO 801 2$bOCLCQ 801 2$bAUD 801 2$bI9W 801 2$bS8B 801 2$bI8H 801 2$bCTX 801 2$bXME 801 2$bXQL 801 2$bCRU 801 2$bOCLCO 801 2$bWYU 801 2$bRDF 801 2$bUKBTH 801 2$bSFB 801 2$bCNMTR 801 2$bUKSSU 801 2$bSRU 801 2$bVLY 801 2$bHS0 801 2$bSXB 801 2$bLUN 801 2$bERF 801 2$bEUN 801 2$bSDF 801 2$bQGK 801 2$bEUX 801 2$bDKU 801 2$bLND 801 2$bOCLCQ 801 2$bOCLCO 801 2$bCZL 801 2$bDST 801 2$bSGP 801 2$bCNTRU 801 2$bYWS 801 2$bOCLCQ 906 $aJOURNAL 912 $a9910132851903321 996 $aPrilozi$91320763 997 $aUNINA